000 01492cam a2200397Ki 4500
001 704027561
003 OCoLC
005 20200315214828.0
008 060808s2005 sp a j 000 1 spa d
020 _a8493449970
020 _a9788493449971
040 _aAZZPT
_beng
_erda
_cAZZPT
_dOCLCQ
_dBDX
_dT7X
_dOQX
_dOCLCF
_dYOL
041 1 _aspa
_hglg
050 1 4 _aPZ73
_b.N976 2005
082 0 4 _a[Fic]
_222
092 _aSP J NUNEZ
100 1 _aNunez, Marisa,
_eauthor.
240 1 0 _aCelestino Tarambainas.
_lSpanish.
245 1 0 _aCelestino Tarambana /
_cMarisa Nunez ; ilustraciones, Mariona Cabassa ; traduccion, Marisa Nunez
250 _aPrimera edicion.
260 _aPontevedra [Spain] :
_bOQO Editora,
_c2005.
264 1 _aPontevedra [Spain] :
_bOQO Editora,
_c2005.
300 _a1 volume (unpaged) :
_bcolor illustrations ;
_c22 cm.
336 _atext
_2rdacontent.
337 _aunmediated
_2rdamedia.
338 _avolume
_2rdacarrier.
490 1 _aColeccion Q.
520 _aCesestino spends his time sleeping under the stars, hugging the trees, and making cabins out of ice with his tiny companion Rosamunda, until the day when Rosamunda goes missing.
650 0 _aFriendship
_vJuvenile fiction.
650 0 _aEccentrics and eccentricities
_vJuvenile fiction.
650 0 _aMissing persons
_vJuvenile fiction.
650 0 _aSpanish language materials
_vJuvenile fiction.
700 1 _aCabassa, Mariona,
_eillustrator.
830 0 _aQ coleccion.
942 _cBK
_2ddc
999 _c24476
_d24476